| АИС "Историко-культурное наследие Беларуси" | ||
| Базовый | Расширенный | Профессиональный | Словарь персоналий | Тематический словарь | По видам объектов | История запросов Заказы | Регистрация | |
Запись в MARC-формате
| копировать MARC-запись |
=LDR 00000nx\\c22000003\p45\\
=001 BY-CBCLL-006756
=005 20160318162116.8
=100 \\$a20160318cbely50\\\\\\ca0
=152 \\$apsbo
=215 \\$aИсерно, деревня (Слуцкий район)
=801 \0$aBY$bCBCLL$c20160318
Чтобы вернуться назад, щелкните кнопку BACK на Вашем браузере